[Event "Amsterdam zt"]
[Site "Amsterdam"]
[Date "1978.??.??"]
[Round "7"]
[White "Rivas Pastor, Manuel"]
[Black "Stean, Michael"]
[Result "0-1"]
[WhiteElo "2200"]
[BlackElo "2510"]

1.e4 c5 2.Nf3 d6 3.d4 cxd4 4.Nxd4 Nf6 5.Nc3 a6 6.g3 e5 7.Nde2 Nbd7 8.Bg2 b5
9.O-O Be7 10.h3 Bb7 11.Be3 O-O 12.f4 Re8 13.Nd5 Nxd5 14.exd5 Bf6 15.c3 Nb6
16.b3 exf4 17.Bxf4 Bxd5 18.Rf2 Bxg2 19.Kxg2 Be5 20.Qd3 Qc7 21.Raf1 Rad8 22.Nd4 Rd7
23.Nf5 Qxc3 24.Qxc3 Bxc3 25.Nxd6 Re6 26.Nf5 Nd5 27.Bc1 f6 28.g4 g6 29.Ng3 Nb4
30.Ne2 Be5 31.Nf4 Bxf4 32.Rxf4 Nd3 33.Rxf6 Rxf6 34.Rxf6  0-1

[Event "Buenos Aires ol (Men)"]
[Site "Buenos Aires"]
[Date "1978.??.??"]
[Round "?"]
[White "Ardiansyah, Haji"]
[Black "Fernandez, A."]
[Result "0-1"]
[WhiteElo "2330"]
[BlackElo "2310"]

1.e4 c5 2.Nf3 d6 3.d4 cxd4 4.Nxd4 Nf6 5.Nc3 a6 6.g3 b5 7.Bg2 Bb7 8.O-O e6
9.Re1 Qc7 10.a4 bxa4 11.Bg5 Be7 12.Rxa4 O-O 13.Rb4 Ra7 14.Rb3 Bc6 15.Qe2 Rc8
16.Be3 Be8 17.g4 h6 18.h4 Nh7 19.Nf5 Rb7 20.Bb6 Qd7 21.Ne3 Bd8 22.Bxd8 Rxb3
23.cxb3 Qxd8 24.Rd1 Qxh4 25.Rxd6 Ng5 26.Qd1 Kh7 27.Rd3 Bb5 28.Nc4 Bxc4 29.bxc4 e5
30.Rg3 Rd8 31.Nd5 Nc6 32.Ra3 a5 33.Rd3 Rb8 34.b3 Nd4 35.f4 exf4 36.Nxf4 Nde6
37.Nd5 Nc5 38.Re3 Nge6 39.Qf3 Kg8 40.Qd1 Qg5 41.Rh3 Kf8 42.Rh5 Qd8 43.Qa1 Kg8
44.g5 Nxg5 45.Qe5 Nd7 46.Qd6 Rxb3 47.Ne7+ Kh7 48.c5 Rb1+ 49.Kf2 Rb2+ 50.Kg3 Rxg2+
51.Kxg2 Nxe4 52.Nc6 Qe8 53.Qd5 Nef6 54.Qd3+ g6 55.Ne7 Nxh5  0-1

[Event "Buenos Aires ol (Men)"]
[Site "Buenos Aires"]
[Date "1978.??.??"]
[Round "?"]
[White "Kagan, Shimon"]
[Black "Polugaevsky, Lev"]
[Result "0-1"]
[WhiteElo "2465"]
[BlackElo "2620"]

1.e4 c5 2.Nf3 d6 3.d4 cxd4 4.Nxd4 Nf6 5.Nc3 a6 6.g3 e5 7.Nde2 Nbd7 8.a4 b6
9.Bg2 Bb7 10.h3 Be7 11.g4 Nc5 12.Ng3 O-O 13.Be3 g6 14.Qd2 b5 15.g5 Nfd7 16.a5 b4
17.Nd5 Bxd5 18.exd5 Rb8 19.Bf1 f5 20.gxf6 Bxf6 21.Be2 e4 22.Ra2 b3 23.cxb3 Rxb3
24.O-O Qe7 25.Rc1 Be5 26.Kg2 Qh4 27.Ra3 Rxa3 28.bxa3 Nb3 29.Qd1 Nxc1 30.Qxc1 Bxg3
31.fxg3 Qf6 32.Qd2 Nc5 33.Qb4 Qe5 34.Bd4 Qe7 35.Bxc5 dxc5 36.Qc4 Qe5 37.d6+ Kg7
38.Qxa6 e3 39.Qb7+ Kh6 40.h4 Rf2+ 41.Kh3 Rxe2  0-1

[Event "URS-ch sf"]
[Site "Daugavpils"]
[Date "1978.??.??"]
[Round "?"]
[White "Kholmov, Ratmir D"]
[Black "Vitolinsh, Alvis"]
[Result "1-0"]
[WhiteElo "2540"]
[BlackElo "2415"]

1.e4 c5 2.Nf3 d6 3.d4 cxd4 4.Nxd4 Nf6 5.Nc3 a6 6.g3 g6 7.Bg2 Bg7 8.O-O O-O
9.h3 Qc7 10.Bg5 Nbd7 11.Qd2 Nb6 12.b3 e5 13.Nde2 Be6 14.Rfd1 Rfd8 15.Rac1 Nc8
16.Nd5 Bxd5 17.exd5 Ne7 18.c4 Ne8 19.g4 f6 20.Be3 f5 21.Qb4 Qd7 22.Bb6 fxg4
23.Bxd8 Rxd8 24.Qc3 Nf6 25.hxg4 Nxg4 26.Bh3 h5 27.Ng3 Nf5 28.Qd3 Nh4 29.f3 Rf8
30.fxg4 hxg4 31.Bg2 Nf3+ 32.Bxf3 Rxf3 33.Qxg6 Rxg3+ 34.Kh2 Rh3+ 35.Kg2 Rh6
36.Qg5 e4 37.Rh1 Rf6 38.Rcf1 Rf3 39.Qg6  1-0

[Event "Wch U20"]
[Site "Graz"]
[Date "1978.??.??"]
[Round "10"]
[White "Franzoni, Giancarlo"]
[Black "Ortega, Lexy"]
[Result "0-1"]
[WhiteElo "2200"]
[BlackElo "2315"]

1.e4 c5 2.Nf3 d6 3.d4 cxd4 4.Nxd4 Nf6 5.Nc3 a6 6.g3 e5 7.Nde2 Be7 8.Bg2 Nbd7
9.a4 O-O 10.O-O Rb8 11.a5 b5 12.axb6 Qxb6 13.b3 Bb7 14.Be3 Qc7 15.Ra4 Nb6
16.Rb4 Nfd7 17.Nd5 Nxd5 18.exd5 a5 19.Ra4 Nc5 20.Ra2 Na6 21.c3 Bc8 22.Qa1 Rxb3
23.Rxa5 Nb8 24.Ra7 Rb7 25.Rxb7 Qxb7 26.c4 Bg4 27.f3 Bf5 28.Qc3 Rc8 29.f4 Bg4
30.Nc1 Bf6 31.f5 Nd7 32.h3 e4 33.Qa3 Bf3 34.Bxf3 exf3 35.Qxd6 Ne5 36.Qb6 Qd7
37.c5 Qxd5 38.Bf2 Qe4 39.Qd6 h5 40.Nb3 Qxf5 41.Kh2 Rd8 42.Qa6 Nd3 43.c6 Nxf2
44.Rxf2 h4 45.Qc4 hxg3+ 46.Kxg3 Be5+  0-1

[Event "Tramandai zt"]
[Site "Tramandai"]
[Date "1978.??.??"]
[Round "6"]
[White "Silva Sanchez, Carlos"]
[Black "Gonzalez, Bernal M"]
[Result "1/2-1/2"]
[WhiteElo "2395"]
[BlackElo "2200"]

1.e4 c5 2.Nf3 d6 3.d4 cxd4 4.Nxd4 Nf6 5.Nc3 a6 6.g3 e5 7.Nde2 Be6 8.Bg2 Be7
9.O-O b5 10.h3 h5 11.f4 Qb6+ 12.Kh1 Nc6 13.Nd5 Qd8 14.Be3 Rb8 15.b3 Na5 16.Qd2 Bxd5
17.exd5 Nd7 18.a4 b4 19.Rae1 O-O 20.Bf3 Qc8 21.Ng1 h4 22.g4 Bf6 23.Qf2 Nb7
24.g5 exf4 25.Bxf4 Be5 26.Qxh4 Bxf4 27.Be4 g6 28.Rxf4 Qc3 29.Re2 Nbc5 30.Bg2 Rbe8
31.Qf2 Re5 32.Rc4 Qb2 33.Rxb4 Rxg5 34.Rf4 Re5 35.Qd4 Qc1 36.Rf1 Qh6 37.b4 Rxe2
38.Nxe2 Nxa4 39.Qa7 Nab6 40.Qxa6 Qd2 41.Nf4 Qxb4 42.Qe2 Ne5  1/2-1/2

[Event "AUT-ch"]
[Site "AUT"]
[Date "1979.??.??"]
[Round "14"]
[White "Janetschek, Karl"]
[Black "Nagel, Herbert"]
[Result "1-0"]
[WhiteElo "2320"]
[BlackElo "2200"]

1.e4 c5 2.Nf3 d6 3.d4 cxd4 4.Nxd4 Nf6 5.Nc3 a6 6.g3 e5 7.Nde2 Be7 8.Bg2 Be6
9.h3 b5 10.a3 Nbd7 11.g4 Nb6 12.Ng3 O-O 13.O-O Re8 14.Nf5 d5 15.Nxe7+ Rxe7
16.Bg5 Rd7 17.Qf3 d4 18.Ne2 Bc4 19.Rfe1 Bxe2 20.Rxe2 Na4 21.Qf5 Qe7 22.f4 h6
23.fxe5 hxg5 24.exf6 Qe6 25.Rf1 Qxf5 26.Rxf5 Nxb2 27.e5 Rad8 28.Rxg5 Nc4
29.Rxg7+ Kh8 30.g5  1-0

[Event "Konex"]
[Site "Buenos Aires"]
[Date "1979.??.??"]
[Round "7"]
[White "Diez del Corral, Jesus"]
[Black "Browne, Walter S"]
[Result "0-1"]
[WhiteElo "2485"]
[BlackElo "2540"]

1.e4 c5 2.Nf3 d6 3.d4 cxd4 4.Nxd4 Nf6 5.Nc3 a6 6.g3 e5 7.Nde2 Be7 8.Bg2 Nbd7
9.a4 b6 10.O-O Bb7 11.Nd5 Bxd5 12.exd5 Rc8 13.h3 O-O 14.Be3 Qc7 15.Nc3 Rfe8
16.Re1 Qb7 17.Ra3 Nc5 18.Na2 Qd7 19.Nb4 Nxa4 20.Qa1 Nc5 21.Nc6 a5 22.Bxc5 bxc5
23.Rxa5 Bf8 24.c4 Rc7 25.Ra8 Rb7 26.Rxe8 Nxe8 27.f4 f6 28.Qa3 g6 29.Re2 Ng7
30.g4 exf4 31.Qa8 Rc7 32.Re4 Rc8 33.Qa4 Re8 34.Rxf4 f5 35.Qd1 Be7 36.Nxe7+ Qxe7
37.Rf2 h5 38.Qf3 Qh4 39.Re2 Rxe2 40.Qxe2 hxg4 41.hxg4 Qxg4  0-1

[Event "BCF-ch"]
[Site "Chester"]
[Date "1979.??.??"]
[Round "6"]
[White "Branford, John W"]
[Black "Macaulay, S."]
[Result "1/2-1/2"]
[WhiteElo "2200"]
[BlackElo "2200"]

1.e4 c5 2.Nf3 d6 3.d4 cxd4 4.Nxd4 Nf6 5.Nc3 a6 6.g3 e5 7.Nde2 Be7 8.a4 Qc7
9.Bg2 O-O 10.h3 b6 11.g4 h6 12.g5 hxg5 13.Bxg5 Be6 14.Ng3 Nc6 15.Bxf6 Bxf6
16.Nd5 Qd8 17.Ra3 Bh4 18.O-O Nd4 19.Ne3 g6 20.Rd3 Be7 21.c3 Nc6 22.Ngf5 Na5
23.Nxd6 Bxd6 24.Rxd6 Qg5 25.Qf3 b5 26.axb5 axb5 27.Kh1 Nc4 28.Nxc4 bxc4 29.Rg1 Rab8
30.Bf1 Qh6 31.Rc6 Rxb2 32.Bxc4 Bxc4 33.Rxc4 Rd8 34.Rg3 Rb1+ 35.Kh2 Rdd1 36.Rc8+ Kg7
37.Rc7 Qf4 38.Qxf4 exf4 39.Rg4 Rh1+ 40.Kg2 Rbg1+ 41.Kf3 Rxh3+ 42.Kxf4 Rf1
43.Rg2 Kf6 44.Rc6+ Ke7 45.Kg4 Rd3 46.Rg3 Rd2 47.f3 Rd3 48.Rc7+ Ke6 49.f4 f5+
50.exf5+ gxf5+ 51.Kh3 Rff3 52.Rxf3  1/2-1/2

[Event "SWE-ch"]
[Site "?"]
[Date "1979.??.??"]
[Round "?"]
[White "Svenn, Matti"]
[Black "Rorvall, Goran"]
[Result "0-1"]
[WhiteElo "2200"]
[BlackElo "2360"]

1.e4 c5 2.Nf3 d6 3.d4 cxd4 4.Nxd4 Nf6 5.Nc3 a6 6.g3 e5 7.Nde2 Be7 8.Bg2 Nbd7
9.a4 b6 10.h3 Bb7 11.g4 Nc5 12.Ng3 Ne6 13.Nf5 g6 14.Nxe7 Qxe7 15.Be3 Nf4
16.Bf3 O-O 17.Qd2 d5 18.exd5 Rfd8 19.Bxb6 Rd7 20.O-O-O N6xd5 21.Nxd5 Bxd5
22.Bxd5 Rxd5 23.Qe3 Rc8 24.Qb3 Qb7 25.Kb1 Rb8 26.a5 Rb5 27.Qa3 Rc8 28.Rc1 Ne2
29.Rce1 Qc6 30.Qd3 Nc3+ 31.Kc1 Nd5 32.Qe4 Rb4 33.Qd3 Rc4 34.Kb1 Rxc2 35.Rd1 Nb4
36.Qb3 Qe4 37.Ka1 Qxh1  0-1

[Event "Politiken Cup"]
[Site "Copenhagen"]
[Date "1980.??.??"]
[Round "8"]
[White "Fries Nielsen, Jens Ove"]
[Black "Jensen, Vagn"]
[Result "1-0"]
[WhiteElo "2355"]
[BlackElo "2225"]

1.e4 c5 2.Nf3 d6 3.d4 cxd4 4.Nxd4 Nf6 5.Nc3 a6 6.g3 Nc6 7.Bg2 Bd7 8.O-O e6
9.Nde2 b5 10.b3 Be7 11.h3 O-O 12.Kh1 Rc8 13.f4 Qb6 14.g4 d5 15.exd5 Nxd5
16.Nxd5 exd5 17.Nc3 d4 18.Nd5 Qd8 19.f5 Bc5 20.Bf4 Re8 21.b4 Bf8 22.Qd2 f6
23.Rad1 Ne5 24.Qxd4 Rxc2 25.Ne3 Rc7 26.g5 Qc8 27.gxf6 gxf6 28.Nd5 Rc4 29.Qa7 Bxf5
30.Nxf6+ Kh8 31.Nxe8 Qxe8 32.Bxe5+ Qxe5 33.Rd5  1-0

[Event "Gausdal Int"]
[Site "Gausdal"]
[Date "1980.??.??"]
[Round "?"]
[White "Svenn, Matti"]
[Black "Morris, Walter D"]
[Result "1-0"]
[WhiteElo "2230"]
[BlackElo "2380"]

1.e4 c5 2.Nf3 d6 3.d4 cxd4 4.Nxd4 Nf6 5.Nc3 a6 6.g3 e5 7.Nde2 Be7 8.Bg2 Nbd7
9.a4 b6 10.h3 O-O 11.g4 Nc5 12.Ng3 Rb8 13.Nf5 Ne8 14.Nd5 Bxf5 15.exf5 Bh4
16.O-O Nf6 17.Nb4 h6 18.Nc6 Qc7 19.Nxb8 Rxb8 20.Be3 Rd8 21.b4 Ncd7 22.Qd3 d5
23.Bxd5 e4 24.Qc4 Nxd5 25.Qxd5 Qxc2 26.Rac1 Qxa4 27.Qxe4 a5 28.Rfd1 axb4
29.g5  1-0

[Event "Malta ol (Men)"]
[Site "La Valetta"]
[Date "1980.??.??"]
[Round "?"]
[White "Diez del Corral, Jesus"]
[Black "Sunye Neto, Jaime"]
[Result "1/2-1/2"]
[WhiteElo "2485"]
[BlackElo "2415"]

1.e4 c5 2.Nf3 d6 3.d4 cxd4 4.Nxd4 Nf6 5.Nc3 a6 6.g3 Nc6 7.Bg2 Bd7 8.O-O e6
9.b3 Be7 10.Bb2 O-O 11.Re1 Rc8 12.a4 Nxd4 13.Qxd4 Qc7 14.Re2 Rfd8 15.a5 Ne8
16.Na4 Bf6 17.Qd2 Bxb2 18.Nxb2 Qc3 19.Qxc3 Rxc3 20.Nd1 Rc7 21.Rd2 Kf8 22.Ne3 Bb5
23.c4 Bc6 24.e5 Bxg2 25.Kxg2 Rcd7 26.Rad1 Ke7 27.f4 dxe5 28.Rxd7+ Rxd7 29.Rxd7+ Kxd7
30.fxe5 Kc6 31.b4 b6 32.axb6 Kxb6 33.Kf3 a5  1/2-1/2

[Event "Malta ol (Women)"]
[Site "La Valetta"]
[Date "1980.??.??"]
[Round "?"]
[White "Voiska, Margarita"]
[Black "Rosenthal, Da"]
[Result "1-0"]
[WhiteElo "2060"]
[BlackElo "2000"]

1.e4 c5 2.Nf3 d6 3.d4 cxd4 4.Nxd4 Nf6 5.Nc3 a6 6.g3 e5 7.Nde2 Be6 8.Bg2 Qc8
9.h3 Be7 10.a4 Nbd7 11.g4 h6 12.O-O Rb8 13.Ng3 g6 14.Nd5 Bf8 15.Be3 Bxd5
16.exd5 b5 17.axb5 Rxb5 18.b3 Qb7 19.Ra3 Nc5 20.Re1 Nfd7 21.Ne4 Nxe4 22.Bxe4 Nf6
23.Bg2 Be7 24.c4 Rb4 25.Bd2 a5 26.Bxb4 axb4 27.Ra4 Nd7 28.Qd2 Bg5 29.f4 Bh4
30.Re2 h5 31.fxe5 Nxe5 32.Qxb4 Qxb4  1-0

[Event "Malta ol (Women)"]
[Site "La Valetta"]
[Date "1980.??.??"]
[Round "?"]
[White "Khadilkar, Jayshree"]
[Black "Palasto, Marjatta"]
[Result "1/2-1/2"]
[WhiteElo "2075"]
[BlackElo "1835"]

1.e4 c5 2.Nf3 d6 3.d4 cxd4 4.Nxd4 Nf6 5.Nc3 a6 6.g3 e6 7.Bg2 Be7 8.O-O O-O
9.Re1 Qc7 10.Be3 Nc6 11.Nxc6 bxc6 12.Na4 Rb8 13.c4 Rd8 14.Qe2 Qa5 15.b3 e5
16.c5 d5 17.exd5 Nxd5 18.Bd2 Qc7 19.Rad1 Bf6 20.Bc1 Bb7 21.Bb2 Re8 22.f4 h6
23.Bxe5 Bxe5 24.fxe5 Rbd8 25.Bh3 Re7 26.Rd4 Rde8 27.Re4 Bc8 28.Bxc8 Qxc8
29.Qf3 Qe6 30.Qd3 Qc8 31.Nb2 Rd8 32.Qf3 Qb7 33.Nc4 Qb5 34.Qf2 Nc3 35.Rd4 Rd5
36.Rxd5 cxd5 37.Nd6 Qb4 38.Rf1 Qg4 39.Re1 d4 40.Qd2 Qf3  1/2-1/2

[Event "Malta ol (Women)"]
[Site "La Valetta"]
[Date "1980.??.??"]
[Round "?"]
[White "Kristol, Luba"]
[Black "Baumstark, Gertrude"]
[Result "1/2-1/2"]
[WhiteElo "2000"]
[BlackElo "2145"]

1.e4 c5 2.Nf3 d6 3.d4 cxd4 4.Nxd4 Nf6 5.Nc3 a6 6.g3 e5 7.Nde2 Nbd7 8.Bg2 b5
9.O-O Bb7 10.a3 Be7 11.Bg5 O-O 12.Qd2 Qc7 13.Bxf6 Nxf6 14.Rad1 Rac8 15.Nc1 Rfd8
16.Rfe1 a5 17.Nxb5 Qxc2 18.Nc3 Qxd2 19.Rxd2 Rc4 20.Nb3 Ra8 21.Na1 Rb8 22.Nc2 Ba8
23.Ne3 Rd4 24.Red1 g6 25.Rxd4 exd4 26.Rxd4 Rxb2 27.Bf1 Rb3 28.Rc4 Rxa3 29.Rc8+ Kg7
30.Nb5 Rxe3 31.fxe3 Bxe4 32.Nc3 Bc2 33.Ra8 Ng4 34.Nd5 Bg5 35.Rxa5 Nxe3 36.Nb4 Bf5
37.Bd3 Bf6 38.Bxf5 Nxf5 39.Nd5 Bd4+ 40.Kg2 Ne3+ 41.Nxe3  1/2-1/2

[Event "Malta ol (Men)"]
[Site "La Valetta"]
[Date "1980.??.??"]
[Round "?"]
[White "Gouder, A."]
[Black "Broomes, G."]
[Result "1-0"]
[WhiteElo "2215"]
[BlackElo "2210"]

1.e4 c5 2.Nf3 d6 3.d4 cxd4 4.Nxd4 Nf6 5.Nc3 a6 6.g3 e6 7.Bg2 Be7 8.O-O Nbd7
9.a4 Qc7 10.Nb3 O-O 11.a5 Ne5 12.Re1 Bd7 13.Qe2 Nc4 14.Ra2 Rac8 15.Bf1 e5
16.Bg5 Be6 17.Bxf6 Bxf6 18.Nd5 Qd8 19.c3 Bd7 20.Raa1 Bg5 21.f4 exf4 22.gxf4 Bh6
23.Nd4 Be6 24.Qf2 Bxd5 25.exd5 Re8 26.Nf5 Qf6 27.Bd3 Bxf4 28.Qxf4 Ne5 29.Qg3 Nxd3
30.Qxd3 Qg6+ 31.Kh1 Re5 32.Rf1  1-0

[Event "Malta ol (Men)"]
[Site "La Valetta"]
[Date "1980.??.??"]
[Round "?"]
[White "Kagan, Shimon"]
[Black "Rodrigues, Tania"]
[Result "0-1"]
[WhiteElo "2400"]
[BlackElo "2200"]

1.e4 c5 2.Nf3 d6 3.d4 cxd4 4.Nxd4 Nf6 5.Nc3 a6 6.g3 e5 7.Nde2 b5 8.Bg2 Bb7
9.Bg5 Nbd7 10.Nd5 Bxd5 11.exd5 Be7 12.h3 O-O 13.O-O Qb8 14.g4 Bd8 15.Qd2 Ne8
16.Be3 Bb6 17.Ng3 Bxe3 18.fxe3 g6 19.Rf2 Qd8 20.Raf1 Rc8 21.Kh2 Nc5 22.e4 Qh4
23.Rf3 h6 24.Rc3 Nf6 25.Qe2 Nh7 26.Rcf3 Rc7 27.Qf2 Na4 28.b3 Nc5 29.Rc3 b4
30.Rc4 a5 31.Qf3 Qg5 32.c3 Rb7 33.Rf2 Rfb8 34.cxb4 axb4 35.Nf1 Qh4 36.Qg3 Qxg3+
37.Kxg3 Ra7 38.Ne3 Kf8 39.Rfc2 Nf6 40.h4 Nfd7 41.g5 hxg5 42.hxg5 Rb5 43.Rd2 Nb6
44.Rcc2 Rba5 45.Kf3 f6 46.gxf6 Rf7 47.Kg4 Rxf6 48.Kg5 Ke7 49.Rf2 Rxf2 50.Rxf2 Nd3
51.Rc2 Nf4 52.Bf1 Nd7 53.Nc4 Ra8 54.Rh2 Nh5 55.Kxg6 Rg8+ 56.Kh6 Nf4 57.Nxe5 dxe5
58.d6+ Kf6 59.Kh7 Rg7+ 60.Kh6 Nf8  0-1

[Event "Malta ol (Men)"]
[Site "La Valetta"]
[Date "1980.??.??"]
[Round "?"]
[White "Schammo, J."]
[Black "D'Avriac, Bernard Angles"]
[Result "1-0"]
[WhiteElo "2250"]
[BlackElo "2200"]

1.e4 c5 2.Nf3 d6 3.d4 cxd4 4.Nxd4 Nf6 5.Nc3 a6 6.g3 g6 7.Bg2 Bg7 8.O-O O-O
9.h3 Nbd7 10.Nde2 Qc7 11.b3 Rd8 12.Bb2 b5 13.Qd2 Bb7 14.f3 Rac8 15.Rac1 b4
16.Nd1 a5 17.c4 Nc5 18.Bd4 e5 19.Be3 Qc6 20.Nf2 Ba8 21.Rfd1 Rb8 22.Qc2 h5
23.Nd3 Nxd3 24.Rxd3 Bb7 25.Qd2 Rd7 26.Rd1 Rbd8 27.Bg5 Qb6+ 28.Kh1 Qc7 29.h4 d5
30.exd5  1-0

[Event "SWE-ch"]
[Site "?"]
[Date "1980.??.??"]
[Round "?"]
[White "Svenn, Matti"]
[Black "Svensson, Bengt"]
[Result "1-0"]
[WhiteElo "2200"]
[BlackElo "2200"]

1.e4 c5 2.Nf3 d6 3.d4 cxd4 4.Nxd4 Nf6 5.Nc3 a6 6.g3 e5 7.Nde2 Be7 8.Bg2 O-O
9.h3 b5 10.a4 b4 11.Nd5 Nxd5 12.Qxd5 Ra7 13.Be3 Be6 14.Qd2 Rb7 15.O-O b3
16.cxb3 Bxb3 17.Rfc1 Qd7 18.a5 Be6 19.Kh2 Nc6 20.Nc3 Bd8 21.Nd5 Bxd5 22.exd5 Nb8
23.Bf1 f5 24.b4 Qf7 25.f4 exf4 26.gxf4 Re8 27.b5 Bf6 28.Ra2 g5 29.bxa6 gxf4
30.Bf2 Rbe7 31.a7 Nd7 32.Rac2 Ne5 33.Qd1 Rxa7 34.Bxa7 Qxa7 35.Qh5 Rf8 36.a6 Qe3
37.Rg2+ Ng4+ 38.hxg4 Qxc1 39.gxf5+ Kh8 40.Qh6 Rf7 41.a7 Qa3 42.Rc2 Qg3+ 43.Kh1 Qg8
44.Ba6 Bg7 45.Qe6  1-0

[Event "Tirnavia-A"]
[Site "Trnava"]
[Date "1980.??.??"]
[Round "10"]
[White "Popovic, Petar"]
[Black "Pavlov, Mircea"]
[Result "0-1"]
[WhiteElo "2490"]
[BlackElo "2400"]

1.e4 c5 2.Nf3 d6 3.Nc3 Nf6 4.d4 cxd4 5.Nxd4 a6 6.g3 e5 7.Nb3 Bg4 8.f3 Be6
9.Be3 Be7 10.a4 Nc6 11.Nd5 Bxd5 12.exd5 Nb4 13.c4 a5 14.Bh3 O-O 15.O-O Na6
16.f4 exf4 17.Rxf4 Nb8 18.Nd4 Nfd7 19.Nf5 Bg5 20.Qd4 Ne5 21.c5 Bxf4 22.Qxf4 Nbd7
23.Nxd6 Nd3 24.Qc4 N7e5 25.Qe4 g6 26.Nxb7 f5 27.Nxd8 fxe4 28.Ne6 Nf3+ 29.Kh1 Rfb8
30.Rb1 Nxb2 31.Nc7 Nc4 32.Rxb8+ Rxb8 33.Be6+ Kg7 34.Bf4 Rb1+ 35.Kg2 Rb2+
36.Kf1 Nxh2+ 37.Ke1 Nf3+ 38.Kd1 e3 39.Bxe3 Nxe3+ 40.Kc1 Rc2+ 41.Kb1 Rxc5
42.d6 Ne5 43.Bb3 Kh6 44.Ne6 Rc6  0-1

[Event "Biel op"]
[Site "Biel"]
[Date "1981.??.??"]
[Round "?"]
[White "Barle, Janez"]
[Black "Stull, Norbert"]
[Result "0-1"]
[WhiteElo "2410"]
[BlackElo "2215"]

1.e4 c5 2.Nf3 d6 3.d4 cxd4 4.Nxd4 Nf6 5.Nc3 a6 6.g3 e5 7.Nde2 Be7 8.Bg2 O-O
9.O-O Be6 10.h3 Nbd7 11.g4 Nb6 12.f4 Rc8 13.Nd5 Bxd5 14.exd5 Qc7 15.Nc3 exf4
16.Rxf4 Nfd7 17.Rf2 Bf6 18.Ne4 Be5 19.c3 Nc5 20.Qc2 Nxe4 21.Bxe4 g6 22.Bh6 Bg7
23.Bf4 Nc4 24.Rd1 b5 25.a4 Qb6 26.axb5 axb5 27.Qc1 Rfe8 28.Re1 Nxb2 29.Be3 Qb7
30.Rxb2 Rxe4 31.Qb1 Qxd5 32.Rxb5 Qe6 33.Rb8 Re8 34.Bd2 Rxe1+ 35.Bxe1 h6 36.Rxe8+ Qxe8
37.Qd1 Qe3+ 38.Kg2 Be5 39.c4 Qe4+ 40.Kg1 Qxc4  0-1

[Event "Biel op"]
[Site "Biel"]
[Date "1981.??.??"]
[Round "?"]
[White "Popovic, Petar"]
[Black "Lederman, Leon"]
[Result "1-0"]
[WhiteElo "2455"]
[BlackElo "2420"]

1.e4 c5 2.Nf3 d6 3.Nc3 Nf6 4.d4 cxd4 5.Nxd4 a6 6.g3 e5 7.Nb3 Be7 8.Bg2 O-O
9.O-O Nbd7 10.Re1 Qc7 11.a4 b6 12.Nd2 Nc5 13.Nf1 Bb7 14.Bg5 Ne8 15.Bxe7 Qxe7
16.Ne3 Bc6 17.Qd2 Qb7 18.Nc4 Qc7 19.Red1 Nxa4 20.Nxa4 Bxa4 21.Rxa4 b5 22.Rb4 bxc4
23.Qc3 Rc8 24.Bh3 Rb8 25.Rxc4 Qb7 26.b3 Nf6 27.Bg2 Rfd8 28.Rc6 Ne8 29.Ra1 Rdc8
30.Rxc8 Rxc8 31.Qd3 Ra8 32.Bf1 a5 33.Ra4 Qb6 34.b4 Nf6 35.bxa5 Rxa5 36.Qc3  1-0

[Event "Caorle op"]
[Site "Caorle"]
[Date "1981.??.??"]
[Round "6"]
[White "Aleksic, Nenad"]
[Black "Micheli, Carlo"]
[Result "1/2-1/2"]
[WhiteElo "2200"]
[BlackElo "2295"]

1.e4 c5 2.Nf3 d6 3.d4 cxd4 4.Nxd4 Nf6 5.Nc3 a6 6.g3 e5 7.Nde2 Nbd7 8.Bg5 Qc7
9.Bh3 h6 10.Bxd7+ Nxd7 11.Nd5 Qc6 12.Be3 Nc5 13.Bxc5 dxc5 14.Qd3 Be6 15.O-O-O O-O-O
16.c4 Bxd5 17.Nc3 Kb8 18.Nxd5 Qa4 19.Kb1 Bd6 20.Qc3 Rhe8 21.Rd3 Re6 22.Rhd1 Ka7
23.Ne3 Qc6 24.Rd5 Rde8 25.Qd3 Bf8 26.Rd7 R8e7 27.Rd8 Re8 28.Rxe8 Qxe8 29.Qd7 f6
30.Qc7 Rc6 31.Qd8 Rc8 32.Qd7 g6 33.Kc2 h5 34.Qxe8 Rxe8 35.Rd7 Re7 36.Rxe7 Bxe7
37.Nd5 Bd8 38.f4 b6 39.Kd3 Kb7 40.h4 Kc6 41.f5 g5 42.Ke2 g4 43.Kd3 Kd6 44.Kc3 Kd7
45.Kb3 Kc6 46.Ka4 Kd6 47.a3 Kc6 48.Nc3 Kb7 49.b4 Ka7 50.Kb3 Kb7  1/2-1/2

[Event "Ljubljana"]
[Site "Ljubljana"]
[Date "1981.??.??"]
[Round "10"]
[White "Ostojic, Predrag"]
[Black "Sznapik, Aleksander"]
[Result "1/2-1/2"]
[WhiteElo "2450"]
[BlackElo "2470"]

1.e4 c5 2.Nf3 d6 3.d4 cxd4 4.Nxd4 Nf6 5.Nc3 a6 6.g3 e5 7.Nde2 Be7 8.a4 Nbd7
9.Bg2 b6 10.Nd5 Nxd5 11.Qxd5 Rb8 12.Nc3 Bb7 13.Qd1 O-O 14.O-O Rc8 15.Be3 Nf6
16.Qe2 Qc7 17.Rfd1 h6 18.Rd2 Ra8 19.Rad1 Bc6 20.b3 Qb7 21.f3 b5 22.axb5 axb5
23.b4 Ra3 24.Rd3 Rfa8 25.Bf1 Bd7 26.Qe1 Be6 27.Nxb5 Rxd3 28.Bxd3 d5 29.Bc5 dxe4
30.Bxe4 Bxc5+ 31.bxc5 Nxe4 32.Qxe4 Qxe4 33.fxe4 Rc8 34.Na3 Rxc5 35.c4 Kf8
36.Kf2 Ra5 37.Rd3 Ra4 38.Rc3 Ke7 39.Ke3 Kd6 40.Kd3 Kc5 41.Rb3 Bd7 42.Nb1 Rxc4
43.Rc3 Rxc3+ 44.Nxc3 g6 45.Ke3 Bc6 46.Kd3 Kd6 47.Nd1 Ke6 48.Nf2 h5 49.Ke3 Kd6
50.Nd3 f6 51.Nf2 Kc5 52.Kd3 Kb4 53.Ke3 Bb5 54.g4 Kc3 55.gxh5 gxh5 56.h4 Kc2
57.Nh1 Kd1 58.Ng3 Be8 59.Nf5 Ke1 60.Nh6 Bg6 61.Ng8 f5 62.exf5 Bxf5 63.Nf6  1/2-1/2

[Event "Lvov"]
[Site "Lvov"]
[Date "1981.??.??"]
[Round "6"]
[White "Savon, Vladimir A"]
[Black "Petrosian, Arshak B"]
[Result "1/2-1/2"]
[WhiteElo "2490"]
[BlackElo "2495"]

1.e4 c5 2.Nf3 d6 3.d4 cxd4 4.Nxd4 Nf6 5.Nc3 a6 6.g3 e5 7.Nde2 Nbd7 8.a4 Be7
9.Bg2 O-O 10.O-O Rb8 11.a5 b5 12.axb6 Qxb6 13.h3 Bb7 14.g4 Nc5 15.Ng3 g6
16.Nd5 Bxd5 17.exd5 Nfd7 18.b3 a5 19.Bd2 Nb7 20.Ra2 Rfc8 21.Kh1 Qd8 22.Ne4 Nf6
23.Ng3 Nd7 24.Ne4 Nf6 25.Nxf6+ Bxf6 26.Qc1 Nc5 27.Qe1 Nb7 28.Qe3 Qc7 29.g5 Bg7
30.Be4 f5 31.gxf6 Bxf6 32.Bf3 a4 33.Bg4 axb3 34.cxb3 Rf8 35.Rc1 Qe7 36.Rac2 Bg7
37.Rc7 Qf6 38.Rf1 Kh8 39.b4 Nd8 40.Qg5 Nf7 41.Qxf6 Bxf6 42.Ra1 Bg5 43.Be1 Bd8
44.Rd7 Bb6 45.Bd2 Rbd8 46.Rxd8 Rxd8 47.Kg2 Kg7 48.Rc1 Ra8  1/2-1/2

[Event "Malaga"]
[Site "Malaga"]
[Date "1981.??.??"]
[Round "5"]
[White "Diez del Corral, Jesus"]
[Black "Rivas Pastor, Manuel"]
[Result "0-1"]
[WhiteElo "2480"]
[BlackElo "2460"]

1.e4 c5 2.Nf3 d6 3.d4 cxd4 4.Nxd4 Nf6 5.Nc3 a6 6.g3 e5 7.Nde2 Nbd7 8.Bg2 Be7
9.O-O O-O 10.a4 b6 11.h3 h5 12.Be3 Bb7 13.Nd5 Nxd5 14.exd5 Rc8 15.f4 exf4
16.Nxf4 Bf6 17.c3 Re8 18.Bd4 h4 19.gxh4 Bxd4+ 20.Qxd4 Qxh4 21.Ne2 Qg5 22.h4 Qg6
23.Nf4 Qg4 24.Ne6 Ne5 25.Qxg4 Nxg4 26.Ng5 Rc7 27.Rf4 Ne3 28.Re1 Re5 29.Rb4 Nxg2
30.Rxe5 dxe5 31.Kxg2 Bxd5+ 32.Kf2 Rc6 33.Ke3 f6 34.Nf3 Kf7 35.Rg4 Rc7 36.Rb4 Rc6
37.Rg4 a5 38.Nd2 Rc7 39.Kd3 Ke6 40.b4 Rd7 41.Ke3 Kf5 42.Rg1 e4 43.bxa5 bxa5
44.Rb1 Bc6 45.Rf1+ Ke5 46.Nc4+ Ke6 47.Nxa5 Rd3+ 48.Kf4 Rd5 49.Nxc6 Rf5+ 50.Kxe4 Rxf1
51.Nd4+ Kd7 52.h5 Rh1 53.Nf5 Rxh5 54.Nxg7 Re5+ 55.Kf4 Ra5 56.Nf5 Rxa4+ 57.Ke3 Ke6
58.Nd4+ Ke5 59.Nc6+ Kf5 60.Kd3 Ke6 61.c4 Kd6 62.Nd4 Ra1 63.Ke4 Rf1 64.Nf5+ Kd7
65.Ne3 Rf2 66.Nd5 Kd6 67.Nf4 Rc2 68.Kd4 Rc1 69.Nd3 Rh1 70.Ke4 Rh5 71.c5+ Kc6
72.Kf4 Kd5 73.Kg4 Rg5+ 74.Kf4 Ke6 75.Kf3 Kd5 76.Kf4 Ke6 77.Kf3 Kf5 78.Nf2 Ke5
79.Ne4 Rg1 80.Nf2 Ra1 81.Ng4+ Ke6 82.Nf2 Rc1 83.Nd3 Rc4 84.Nf4+ Kf5 85.Nd3 Kg5
86.Ke3 f5 87.Ke2 f4 88.Kf3 Kf5 89.Ke2 Rd4 90.Nf2 Rd8 91.Nd3 Rd5 92.c6 Rd4
93.Ne1 Re4+ 94.Kd2 Rc4 95.Nf3 Ke4 96.Ng5+ Kd4  0-1

[Event "Manchester op"]
[Site "Manchester"]
[Date "1981.??.??"]
[Round "?"]
[White "Kudrin, Sergey"]
[Black "Kuligowski, Adam"]
[Result "1/2-1/2"]
[WhiteElo "2425"]
[BlackElo "2450"]

1.e4 c5 2.Nf3 d6 3.d4 cxd4 4.Nxd4 Nf6 5.Nc3 a6 6.g3 e5 7.Nde2 Be7 8.a4 Nc6
9.Bg2 Nb4 10.h3 d5 11.exd5 Bf5 12.O-O Bxc2 13.Qd2 Rc8 14.g4 O-O 15.Ng3 Bc5
16.g5 Ne8 17.Nce4 a5 18.Nxc5 Rxc5 19.Ra3  1/2-1/2

[Event "Plovdiv"]
[Site "Plovdiv"]
[Date "1981.??.??"]
[Round "1"]
[White "Tringov, Georgi P"]
[Black "Georgiev, Krum"]
[Result "1/2-1/2"]
[WhiteElo "2470"]
[BlackElo "2485"]

1.e4 c5 2.Nf3 d6 3.d4 cxd4 4.Nxd4 Nf6 5.Nc3 a6 6.g3 e6 7.Bg2 Be7 8.O-O O-O
9.Nce2 Re8 10.c4 Qc7 11.b3 Nc6 12.Bb2 Bd7 13.Rc1 Rad8 14.Nc3  1/2-1/2

[Event "Tuzla"]
[Site "Tuzla"]
[Date "1981.??.??"]
[Round "1"]
[White "Popovic, Petar"]
[Black "Bukic, Enver"]
[Result "1/2-1/2"]
[WhiteElo "2490"]
[BlackElo "2485"]

1.e4 c5 2.Nf3 d6 3.d4 cxd4 4.Nxd4 Nf6 5.Nc3 a6 6.g3 e5 7.Nb3 Be7 8.Bg2 O-O
9.O-O Nbd7 10.a4 b6 11.Nd2 Bb7 12.Nc4 Nc5 13.Bg5 Nfxe4 14.Bxe7 Qxe7 15.Nd5 Bxd5
16.Qxd5 Nf6 17.Qxd6 Qxd6 18.Nxd6 Rab8 19.b4 Ne6 20.c3 Rfd8 21.Rfd1 Kf8 22.Nc4 Rdc8
23.Nxe5 Rxc3 24.Rd6 a5 25.Nc6 Rc8 26.bxa5 bxa5 27.Nxa5 Rc1+ 28.Rd1 Rxd1+
29.Rxd1 Rc2 30.Nc6 Ra2 31.a5 g5 32.Bd5 Nxd5 33.Rxd5 h6 34.Kg2 Kg7 35.Rb5 Kf6
36.Nb4 Ra4 37.Nc6 Nc7 38.Rb6 Nd5 39.Ra6 Kg7 40.Ra7 g4 41.Ne5 Kf6 42.Nd7+ Kg6
43.h3 h5 44.hxg4 hxg4 45.a6 Ra2 46.Ne5+ Kf5 47.Nxf7 Ne3+ 48.Kg1 Ra1+ 49.Kh2 Ra2
50.Nd6+ Ke5  1/2-1/2